Siedlungswasserwirtschaftliche Planungsmodelle : Methoden und Beispiele /

Uložené v:
Podrobná bibliografia
Hlavný autor: Cembrowicz, Ralf G (Autor)
Médium: Kniha
Jazyk:German
Vydavateľské údaje: Berlin : Springer Verlag, 1988
Tagy: Pridať tag
Žiadne tagy, Buďte prvý, kto otaguje tento záznam!

MARC

LEADER 00000nam a22000003a 4500
001 stu29077
005 20150617225739.0
008 950530s1988----gw------------------ger-d
040 |a STU  |b slo 
041 0 |a ger 
044 |a gw 
080 |a 628.16.08 
100 1 |a Cembrowicz, Ralf G  |4 aut 
245 1 |a Siedlungswasserwirtschaftliche Planungsmodelle :  |b Methoden und Beispiele /  |c [aut]Cembrowicz,Ralf G 
260 |a Berlin :  |b Springer Verlag,  |c 1988 
300 |a 198 s 
996 |c V*36556/O-15271  |l VV7  |s P  |a 0  |w stu29077_0001